[Event "Titled Tuesday intern op 09th Jan Early"]
[Site "Chess.com INT"]
[Date "2024.01.09"]
[Round "2"]
[White "Pappelis, Dimitrios"]
[Black "Zimmermann, Ulrich"]
[Result "0-1"]
[WhiteElo "2165"]
[BlackElo "2280"]
[PlyCount "78"]
[EventDate "2024.01.09"]
[EventType "swiss (blitz)"]
[EventRounds "11"]
[EventCountry "USA"]
[SourceTitle "CB03_2024"]
[SourceDate "2024.01.17"]
[SourceVersion "1"]
[SourceVersionDate "2024.01.17"]
[SourceQuality "1"]

1. Nf3 Nf6 2. c4 e6 3. g3 Be7 4. Bg2 0-0 5. 0-0 d5 6. b3 a6 7. Bb2 b5 8. cxd5 exd5 9. d4 Nbd7 10. Nbd2 Bb7 11. Rc1 Bd6 12. Qc2 Re8 13. e3 Rc8 14. Qf5 g6 15. Qg5 Kg7 16. Ne5 h6 17. Qf4 Qe7 18. Ndf3 Nh5 19. Qh4 Ndf6 20. g4 g5 21. Qh3 Ra8 22. gxh5 Bc8 23. Qg3 Nxh5 24. Nc6 Qf6 25. Nfe5 Nxg3 26. fxg3 Qe6 27. Rxf7+ Qxf7 28. Nxf7 Kxf7 29. Bxd5+ Be6 30. Bxe6+ Rxe6 31. Kf2 Rae8 32. Re1 Bxg3+ 33. Kxg3 Rxc6 34. d5 Rc2 35. Bd4 Rxa2 36. e4 Rd2 37. Ba1 Rd3+ 38. Kg4 Kg6 39. e5 h5# 0-1

[Event "Titled Tuesday intern op 20th Dec Early"]
[Site "Chess.com INT"]
[Date "2022.12.20"]
[Round "7"]
[White "Al Tarbosh, Ward"]
[Black "Pappelis, Dimitrios"]
[Result "1-0"]
[WhiteElo "2242"]
[BlackElo "2204"]
[PlyCount "53"]
[EventDate "2022.12.20"]
[EventType "swiss (blitz)"]
[EventRounds "11"]
[EventCountry "USA"]
[SourceTitle "EXT 2024"]
[Source "ChessBase"]
[SourceDate "2023.10.10"]
[SourceVersion "1"]
[SourceVersionDate "2023.10.10"]
[SourceQuality "1"]

1. e4 c5 2. Nf3 Nc6 3. d4 cxd4 4. Nxd4 Nf6 5. Nc3 e6 6. Bf4 d5 7. Ncb5 e5 8. exd5 Nxd4 9. Bxe5 Nxb5 10. Bxb5+ Bd7 11. Bxf6 gxf6 12. Be2 Bd6 13. 0-0 0-0 14. g3 Kh8 15. Bd3 Rg8 16. Qh5 Rg7 17. Rae1 Be5 18. Re4 Qb6 19. Rh4 Qxb2 20. Bxh7 Bg4 21. Qh6 Bf4 22. Qxf4 Rxh7 23. Rxh7+ Kxh7 24. Qxg4 Qxc2 25. Re1 Rg8 26. Qh5+ Kg7 27. Re7 1-0

[Event "Titled Tuesday intern op 20th Dec Early"]
[Site "Chess.com INT"]
[Date "2022.12.20"]
[Round "1"]
[White "Pappelis, Dimitrios"]
[Black "Richter, Paul"]
[Result "1-0"]
[WhiteElo "2204"]
[BlackElo "2171"]
[PlyCount "61"]
[EventDate "2022.12.20"]
[EventType "swiss (blitz)"]
[EventRounds "11"]
[EventCountry "USA"]
[SourceTitle "EXT 2024"]
[Source "ChessBase"]
[SourceDate "2023.10.10"]
[SourceVersion "1"]
[SourceVersionDate "2023.10.10"]
[SourceQuality "1"]

1. Nf3 Nf6 2. c4 g6 3. Nc3 Bg7 4. d4 0-0 5. e3 d6 6. Be2 Nbd7 7. 0-0 e5 8. Qc2 Re8 9. Rd1 e4 10. Nd2 Qe7 11. b4 Nf8 12. Bb2 Bf5 13. Rac1 c6 14. Nb3 h5 15. d5 N8h7 16. Nd4 Bd7 17. dxc6 bxc6 18. b5 c5 19. Nc6 Bxc6 20. bxc6 Rac8 21. Nd5 Qe6 22. Qa4 Qf5 23. Bxf6 Nxf6 24. Qxa7 Qg5 25. Ne7+ Rxe7 26. Qxe7 Rxc6 27. Rxd6 Rxd6 28. Qxd6 h4 29. h3 Qf5 30. a4 Nd7 31. Bg4 1-0

[Event "Titled Tuesday intern op 11th Oct Early"]
[Site "Chess.com INT"]
[Date "2022.10.11"]
[Round "3"]
[White "Migot, Tangi"]
[Black "Pappelis, Dimitrios"]
[Result "1-0"]
[WhiteElo "2358"]
[BlackElo "2204"]
[PlyCount "91"]
[EventDate "2022.10.11"]
[EventType "swiss (blitz)"]
[EventRounds "11"]
[EventCountry "USA"]
[SourceTitle "EXT 2024"]
[Source "ChessBase"]
[SourceDate "2023.10.10"]
[SourceVersion "1"]
[SourceVersionDate "2023.10.10"]
[SourceQuality "1"]

1. e4 c5 2. Nf3 Nc6 3. Bb5 Nf6 4. Bxc6 dxc6 5. d3 Qc7 6. h3 e5 7. Be3 h6 8. Nc3 Be6 9. a3 Be7 10. 0-0 0-0-0 11. Nd2 g5 12. Na4 Nd7 13. b4 Rdg8 14. Nxc5 Nxc5 15. Bxc5 g4 16. Bxe7 Qxe7 17. g3 gxh3 18. Kh2 h5 19. Rg1 h4 20. Qe2 hxg3+ 21. Rxg3 Rxg3 22. fxg3 Qg5 23. Qf2 Kb8 24. Nf3 Qh5 25. Nh4 Rg8 26. Rf1 Qg5 27. a4 Rh8 28. Qf6 Qxf6 29. Rxf6 Rd8 30. Nf3 a5 31. bxa5 Ka7 32. Nxe5 Ka6 33. Nxf7 Rf8 34. Rxe6 Rxf7 35. Kxh3 Kxa5 36. g4 Kxa4 37. g5 c5 38. g6 Rg7 39. Kg4 b5 40. Kg5 Kb4 41. Kh6 Ra7 42. g7 Ra8 43. Kh7 Kc3 44. Rc6 c4 45. dxc4 bxc4 46. g8Q 1-0

[Event "Titled Tuesday intern op 13th Sep Early"]
[Site "Chess.com INT"]
[Date "2022.09.13"]
[Round "4"]
[White "Pappelis, Dimitrios"]
[Black "Ovchinnikov, Vsevolod"]
[Result "0-1"]
[WhiteElo "2204"]
[BlackElo "2426"]
[PlyCount "68"]
[EventDate "2022.09.13"]
[EventType "swiss (blitz)"]
[EventRounds "11"]
[EventCountry "USA"]
[SourceTitle "EXT 2023"]
[Source "ChessBase"]
[SourceDate "2022.10.05"]
[SourceVersion "1"]
[SourceVersionDate "2022.10.05"]
[SourceQuality "1"]

1. d4 Nf6 2. c4 g6 3. Nf3 Bg7 4. e3 0-0 5. Be2 d6 6. Nc3 Nbd7 7. 0-0 e5 8. Qc2 Qe7 9. b4 Re8 10. Bb2 e4 11. Nd2 Nf8 12. Nb3 Bf5 13. Rac1 h5 14. d5 g5 15. Nd4 Bh7 16. Rfd1 N8d7 17. Ncb5 Rec8 18. c5 a6 19. cxd6 cxd6 20. Qxc8+ Rxc8 21. Rxc8+ Bf8 22. Nc7 Nb6 23. Rxf8+ Kxf8 24. Rc1 Nfd7 25. Bxh5 Ne5 26. Ba3 Nbc4 27. b5 Qxc7 28. f4 exf3 29. gxf3 Qa5 30. f4 Qxa3 31. Rf1 Qxe3+ 32. Kh1 gxf4 33. Nc2 Be4+ 34. Bf3 Bxf3+ 0-1

[Event "Titled Tuesday intern op 30th Aug Late"]
[Site "Chess.com INT"]
[Date "2022.08.30"]
[Round "3"]
[White "Hnydiuk, Aleksander"]
[Black "Pappelis, Dimitrios"]
[Result "1/2-1/2"]
[WhiteElo "2376"]
[BlackElo "2204"]
[PlyCount "50"]
[EventDate "2022.08.30"]
[EventType "swiss (blitz)"]
[EventRounds "11"]
[EventCountry "USA"]
[SourceTitle "EXT 2023"]
[Source "ChessBase"]
[SourceDate "2022.10.05"]
[SourceVersion "1"]
[SourceVersionDate "2022.10.05"]
[SourceQuality "1"]

1. e4 c5 2. c3 Nf6 3. e5 Nd5 4. Bc4 Nb6 5. Bb3 Nc6 6. Nf3 g6 7. d4 cxd4 8. cxd4 Bg7 9. 0-0 0-0 10. Nc3 d6 11. exd6 Qxd6 12. Ne4 Qd8 13. d5 Na5 14. Bg5 Nxb3 15. Qxb3 Qxd5 16. Qxd5 Nxd5 17. Rad1 e6 18. Rd2 b6 19. Rfd1 Ba6 20. Nd6 h6 21. Bh4 g5 22. Bg3 Rfd8 23. h4 g4 24. Nd4 Rd7 25. Nc6 Bb7 1/2-1/2

[Event "Titled Tuesday intern op 30th Aug Late"]
[Site "Chess.com INT"]
[Date "2022.08.30"]
[Round "5"]
[White "Pappelis, Dimitrios"]
[Black "Adewumi, Tanitoluwa"]
[Result "0-1"]
[WhiteElo "2204"]
[BlackElo "2302"]
[PlyCount "80"]
[EventDate "2022.08.30"]
[EventType "swiss (blitz)"]
[EventRounds "11"]
[EventCountry "USA"]
[SourceTitle "EXT 2023"]
[Source "ChessBase"]
[SourceDate "2022.10.05"]
[SourceVersion "1"]
[SourceVersionDate "2022.10.05"]
[SourceQuality "1"]

1. e4 c5 2. Nf3 e6 3. g3 Nc6 4. Bg2 Nf6 5. d3 d5 6. Nbd2 Be7 7. 0-0 b6 8. Re1 Qc7 9. c3 Bb7 10. exd5 exd5 11. Nf1 0-0 12. Bf4 Bd6 13. Bxd6 Qxd6 14. Ne3 Qd7 15. Qc2 d4 16. Nc4 Rae8 17. Nfe5 Nxe5 18. Nxe5 Qc7 19. Bxb7 Qxb7 20. cxd4 cxd4 21. Qc6 Qa6 22. Nc4 Rc8 23. Qf3 b5 24. Ne5 h6 25. Re2 Rfe8 26. a3 Qa4 27. Rae1 Rc2 28. Ng4 Rcxe2 29. Nxf6+ gxf6 30. Qg4+ Kf8 31. Rxe2 Qd1+ 32. Kg2 Qxe2 33. Qf4 Kg7 34. Qxd4 Qe5 35. Qxa7 Qd5+ 36. Kh3 Re5 37. g4 Qf3+ 38. Kh4 h5 39. h3 hxg4 40. hxg4 Re1 0-1

[Event "Titled Tuesday intern op 30th Aug Early"]
[Site "Chess.com INT"]
[Date "2022.08.30"]
[Round "3"]
[White "Pappelis, Dimitrios"]
[Black "Fiorito, Joaquin"]
[Result "0-1"]
[WhiteElo "2204"]
[BlackElo "2271"]
[PlyCount "98"]
[EventDate "2022.08.30"]
[EventType "swiss (blitz)"]
[EventRounds "11"]
[EventCountry "USA"]
[SourceTitle "EXT 2023"]
[Source "ChessBase"]
[SourceDate "2022.10.05"]
[SourceVersion "1"]
[SourceVersionDate "2022.10.05"]
[SourceQuality "1"]

1. Nf3 d5 2. e3 Nf6 3. c4 c6 4. Nc3 e6 5. d4 Nbd7 6. Be2 dxc4 7. a4 Bb4 8. 0-0 0-0 9. Bxc4 a6 10. Bd2 Rb8 11. Qe2 b5 12. axb5 cxb5 13. Bd3 Bb7 14. e4 e5 15. Nxe5 Nxe5 16. dxe5 Nd7 17. f4 Nc5 18. Bc2 Ne6 19. Be3 Nd4 20. Bxd4 Qxd4+ 21. Kh1 Bxc3 22. bxc3 Qxc3 23. Rad1 Rfd8 24. h4 b4 25. Rf3 Qb2 26. Rb3 Qa2 27. Rdb1 Bc8 28. R3b2 Qa5 29. Bb3 Be6 30. Bxe6 fxe6 31. Qg4 Rb6 32. h5 h6 33. Rb3 Qc5 34. Rg3 Qe7 35. Rbb3 a5 36. f5 exf5 37. exf5 Qxe5 38. Rbe3 Qf6 39. Rgf3 Rbd6 40. Re6 Qf7 41. Rxd6 Rxd6 42. Qf4 Qxh5+ 43. Rh3 Qd1+ 44. Kh2 Qd4 45. Qf3 Qe5+ 46. Rg3 Rf6 47. Qa8+ Kh7 48. Qf3 Rxf5 49. Qg4 Rg5 0-1

[Event "Titled Tuesday intern op 30th Aug Early"]
[Site "Chess.com INT"]
[Date "2022.08.30"]
[Round "5"]
[White "Rios Escobar, Adan"]
[Black "Pappelis, Dimitrios"]
[Result "1-0"]
[WhiteElo "2276"]
[BlackElo "2204"]
[PlyCount "85"]
[EventDate "2022.08.30"]
[EventType "swiss (blitz)"]
[EventRounds "11"]
[EventCountry "USA"]
[SourceTitle "EXT 2023"]
[Source "ChessBase"]
[SourceDate "2022.10.05"]
[SourceVersion "1"]
[SourceVersionDate "2022.10.05"]
[SourceQuality "1"]

1. d4 d5 2. g3 Nf6 3. Nf3 e6 4. Bg2 c5 5. 0-0 Nc6 6. c4 Be7 7. cxd5 exd5 8. dxc5 Bxc5 9. a3 0-0 10. b4 Bb6 11. Bb2 Bg4 12. Nc3 Re8 13. Rc1 a6 14. Na4 Ba7 15. Nc5 Bxc5 16. Rxc5 Rc8 17. h3 Be6 18. e3 Ne4 19. Rc1 Qd7 20. Kh2 f6 21. Nd2 Ng5 22. h4 Nf7 23. Nb3 b6 24. Qd3 Nce5 25. Qxa6 Bg4 26. Nd4 Nh6 27. Qxb6 Nf5 28. Nxf5 Qxf5 29. Bxd5+ Kh8 30. Bxe5 Qxe5 31. Bg2 Qb2 32. Rxc8 Rxc8 33. a4 Be2 34. Re1 Bd3 35. Kg1 Qd2 36. Ra1 h5 37. Qd4 Rc2 38. e4 Qe2 39. Qe3 Qxe3 40. fxe3 Bc4 41. b5 Rc3 42. Bf1 Rb3 43. Bxc4 1-0

[Event "Titled Tuesday intern op 26th Jul Early"]
[Site "Chess.com INT"]
[Date "2022.07.26"]
[Round "3"]
[White "Pappelis, Dimitrios"]
[Black "Culum, Sanjin"]
[Result "0-1"]
[WhiteElo "2204"]
[BlackElo "2287"]
[PlyCount "94"]
[EventDate "2022.07.26"]
[EventType "swiss (blitz)"]
[EventRounds "11"]
[EventCountry "USA"]
[SourceTitle "EXT 2023"]
[Source "ChessBase"]
[SourceDate "2022.10.05"]
[SourceVersion "1"]
[SourceVersionDate "2022.10.05"]
[SourceQuality "1"]

1. Nf3 Nf6 2. c4 c5 3. Nc3 Nc6 4. e3 d5 5. d4 cxd4 6. exd4 Bg4 7. cxd5 Nxd5 8. Qb3 Bxf3 9. gxf3 Nb6 10. Be3 e6 11. Rg1 g6 12. 0-0-0 Bg7 13. d5 exd5 14. Nxd5 Nxd5 15. Rxd5 Qc7 16. Bc5 Ne7 17. Bb5+ Kf8 18. Kb1 Bf6 19. Bd6 Qb6 20. Re1 Qxf2 21. Bxe7+ Bxe7 22. Qc3 Bf6 23. Qb4+ Kg7 24. Rf1 Qg2 25. Qb3 Rad8 26. Rdd1 Rd2 27. Rxd2 Qxd2 28. Rd1 Qf2 29. a4 a6 30. Rd7 Rf8 31. Bc4 b5 32. Bxf7 Kh6 33. Bg8 Rxg8 34. axb5 axb5 35. Qxb5 Rd8 36. Rxd8 Bxd8 37. Qd5 Bf6 38. Qb3 Qe2 39. h3 Qh2 40. Qe3+ Bg5 41. Qe8 Qxh3 42. Qf8+ Kh5 43. f4 Bh6 44. Qc5+ Qf5+ 45. Qxf5+ gxf5 46. Kc2 Bxf4 47. Kd3 Bb8 0-1

[Event "Titled Tuesday intern op 26th Jul Early"]
[Site "Chess.com INT"]
[Date "2022.07.26"]
[Round "5"]
[White "Pappelis, Dimitrios"]
[Black "Guimaraes, Wagner Peixoto"]
[Result "1-0"]
[WhiteElo "2204"]
[BlackElo "2195"]
[PlyCount "57"]
[EventDate "2022.07.26"]
[EventType "swiss (blitz)"]
[EventRounds "11"]
[EventCountry "USA"]
[SourceTitle "EXT 2023"]
[Source "ChessBase"]
[SourceDate "2022.10.05"]
[SourceVersion "1"]
[SourceVersionDate "2022.10.05"]
[SourceQuality "1"]

1. e4 e6 2. d4 d5 3. exd5 exd5 4. Bd3 Nc6 5. Nf3 Bg4 6. c3 Bd6 7. 0-0 Nge7 8. Re1 Qd7 9. b4 a6 10. a4 h6 11. Ba3 0-0 12. Nbd2 Ng6 13. h3 Nf4 14. Bf1 Bh5 15. b5 axb5 16. Bxd6 cxd6 17. axb5 Rxa1 18. Qxa1 Ne7 19. Qa7 Neg6 20. Re3 Qf5 21. Qxb7 Bxf3 22. Nxf3 Qb1 23. Qc6 Rb8 24. Qxd6 Rxb5 25. g3 Ne6 26. Kg2 Qf5 27. Bxb5 Qf6 28. Qb8+ Kh7 29. Bd3 1-0

[Event "Titled Tuesday intern op 19th Jul Early"]
[Site "Chess.com INT"]
[Date "2022.07.19"]
[Round "6"]
[White "Aggelis, Nikolaos"]
[Black "Pappelis, Dimitrios"]
[Result "1-0"]
[WhiteElo "2287"]
[BlackElo "2204"]
[PlyCount "77"]
[EventDate "2022.07.19"]
[EventType "swiss (blitz)"]
[EventRounds "11"]
[EventCountry "USA"]
[SourceTitle "EXT 2023"]
[Source "ChessBase"]
[SourceDate "2022.10.05"]
[SourceVersion "1"]
[SourceVersionDate "2022.10.05"]
[SourceQuality "1"]

1. d4 d5 2. Nf3 Nf6 3. c4 e6 4. g3 Be7 5. Bg2 0-0 6. 0-0 dxc4 7. Na3 Bxa3 8. bxa3 Nc6 9. a4 a5 10. Ba3 Nb4 11. e3 Nfd5 12. Ne5 c6 13. Nxc4 b5 14. Ne5 Bd7 15. Bb2 f6 16. Nd3 Qe7 17. a3 Nxd3 18. Qxd3 Rac8 19. Rac1 Rfd8 20. Rfd1 Be8 21. Qc2 Nb6 22. Bc3 Nc4 23. Bf1 Nxa3 24. Qb3 b4 25. Bb2 c5 26. Bxa3 bxa3 27. Qxa3 Qa7 28. Bc4 Bf7 29. dxc5 Rxd1+ 30. Rxd1 h5 31. Qb3 Rb8 32. Qa2 Qxc5 33. Bxe6 Bxe6 34. Qxe6+ Kh7 35. Rd5 Qc1+ 36. Kg2 Kg6 37. Qf5+ Kf7 38. Rd7+ Kf8 39. Qe6 1-0

[Event "Titled Tuesday intern op 19th Jul Early"]
[Site "Chess.com INT"]
[Date "2022.07.19"]
[Round "8"]
[White "Hoffmann, Asa"]
[Black "Pappelis, Dimitrios"]
[Result "1-0"]
[WhiteElo "2185"]
[BlackElo "2204"]
[PlyCount "48"]
[EventDate "2022.07.19"]
[EventType "swiss (blitz)"]
[EventRounds "11"]
[EventCountry "USA"]
[SourceTitle "EXT 2023"]
[Source "ChessBase"]
[SourceDate "2022.10.05"]
[SourceVersion "1"]
[SourceVersionDate "2022.10.05"]
[SourceQuality "1"]

1. d4 d5 2. Bg5 Nf6 3. Nd2 g6 4. e3 Bg7 5. Bd3 0-0 6. f4 c5 7. c3 Nc6 8. Ngf3 b6 9. 0-0 Bb7 10. Qe1 e6 11. Qh4 h6 12. Bxh6 Bxh6 13. Qxh6 Ng4 14. Qh3 Nf6 15. Ng5 Kg7 16. Ndf3 Rh8 17. Qg3 Rh5 18. Nxf7 Kxf7 19. Bxg6+ Ke7 20. Bxh5 Nxh5 21. Qg5+ Nf6 22. Ne5 Qg8 23. h4 Qxg5 24. fxg5 Ne4 1-0

[Event "Titled Tuesday intern op 19th Jul Early"]
[Site "Chess.com INT"]
[Date "2022.07.19"]
[Round "3"]
[White "Pappelis, Dimitrios"]
[Black "Fathy, Elameir"]
[Result "1-0"]
[WhiteElo "2204"]
[BlackElo "2300"]
[PlyCount "105"]
[EventDate "2022.07.19"]
[EventType "swiss (blitz)"]
[EventRounds "11"]
[EventCountry "USA"]
[SourceTitle "EXT 2023"]
[Source "ChessBase"]
[SourceDate "2022.10.05"]
[SourceVersion "1"]
[SourceVersionDate "2022.10.05"]
[SourceQuality "1"]

1. c4 c6 2. e4 d5 3. exd5 cxd5 4. d4 Nf6 5. Nc3 Nc6 6. Nf3 Bg4 7. cxd5 Nxd5 8. Qb3 Bxf3 9. gxf3 e6 10. Qxb7 Nxd4 11. Bb5+ Nxb5 12. Qc6+ Ke7 13. Qxb5 Qd7 14. Nxd5+ Qxd5 15. Bg5+ f6 16. Qxd5 exd5 17. Be3 Ke6 18. 0-0-0 Bb4 19. a3 Rhc8+ 20. Kb1 Bc5 21. Rhe1 Bxe3 22. Rxe3+ Kd6 23. Rde1 Rc7 24. Re6+ Kd7 25. Re7+ Kc6 26. R1e6+ Kb7 27. Rxc7+ Kxc7 28. Re7+ Kd6 29. Rxg7 h5 30. Kc2 Re8 31. Rxa7 Re2+ 32. Kc3 Rxf2 33. b4 Rxf3+ 34. Kd4 Rf4+ 35. Ke3 Re4+ 36. Kd3 Rh4 37. Ra6+ Ke5 38. b5 Rh3+ 39. Kc2 Rxh2+ 40. Kb3 Rh3+ 41. Kb4 d4 42. b6 Rc3 43. b7 Rc1 44. b8Q+ Ke4 45. Qe8+ Kf4 46. Rxf6+ Kg5 47. Qg6+ Kh4 48. Rf4+ Kh3 49. Rf3+ Kh2 50. Qg3+ Kh1 51. Qh3+ Kg1 52. Rg3+ Kf2 53. Qh2+ 1-0

[Event "Titled Tuesday intern op 21st Jun Early"]
[Site "Chess.com INT"]
[Date "2022.06.21"]
[Round "7"]
[White "Pappelis, Dimitrios"]
[Black "Jakubowska, Anna"]
[Result "1-0"]
[WhiteElo "2204"]
[BlackElo "2138"]
[PlyCount "47"]
[EventDate "2022.06.21"]
[EventType "swiss (blitz)"]
[EventRounds "11"]
[EventCountry "USA"]
[SourceTitle "EXT 2023"]
[Source "ChessBase"]
[SourceDate "2022.10.05"]
[SourceVersion "1"]
[SourceVersionDate "2022.10.05"]
[SourceQuality "1"]

1. e4 c5 2. Nf3 e6 3. g3 d5 4. exd5 exd5 5. Bg2 Nf6 6. 0-0 Be7 7. d4 0-0 8. c3 Nc6 9. Re1 Bg4 10. dxc5 Bxc5 11. Be3 Bd6 12. Nbd2 Qd7 13. Qb3 Rfe8 14. Bd4 Nxd4 15. Nxd4 Bc5 16. N2f3 Ne4 17. Rad1 h6 18. Nd2 Bxd1 19. Qxd1 Nf6 20. N2f3 Rxe1+ 21. Qxe1 Re8 22. Qd1 Ne4 23. h3 Qa4 24. Qxa4 1-0

[Event "Titled Tuesday intern op 21st Jun Early"]
[Site "Chess.com INT"]
[Date "2022.06.21"]
[Round "5"]
[White "Pappelis, Dimitrios"]
[Black "Sarkar, Justin"]
[Result "0-1"]
[WhiteElo "2204"]
[BlackElo "2348"]
[PlyCount "72"]
[EventDate "2022.06.21"]
[EventType "swiss (blitz)"]
[EventRounds "11"]
[EventCountry "USA"]
[SourceTitle "EXT 2023"]
[Source "ChessBase"]
[SourceDate "2022.10.05"]
[SourceVersion "1"]
[SourceVersionDate "2022.10.05"]
[SourceQuality "1"]

1. e4 e5 2. Nf3 Nc6 3. Bc4 Nf6 4. d4 exd4 5. 0-0 Nxe4 6. Re1 d5 7. Bxd5 Qxd5 8. Nc3 Qd8 9. Nxe4 Be7 10. Bg5 f6 11. Nxf6+ gxf6 12. Bxf6 0-0 13. Bxe7 Nxe7 14. Nxd4 Nf5 15. Qg4+ Kh8 16. Ne6 Bxe6 17. Rxe6 Qd4 18. Qxd4+ Nxd4 19. Re7 Rac8 20. Kf1 Rfe8 21. Rxe8+ Rxe8 22. Rd1 Nc6 23. Rd7 Re7 24. Rd2 Kg7 25. c3 Kf6 26. g3 Ne5 27. f4 Nc4 28. Rf2 a5 29. Kg2 a4 30. b3 Ne3+ 31. Kh3 a3 32. Re2 b5 33. g4 Nd5 34. g5+ Kf5 35. Rf2 Nxf4+ 36. Kg3 Re3+ 0-1